[Event "Superettan(Horndal-Orebro)"]
[Site "?"]
[Date "2011.01.15"]
[Round "4"]
[White "Jonsson, Krister"]
[Black "Wiker, Bo"]
[Result "1-0"]
[WhiteElo "2156"]
[BlackElo "2091"]
[PlyCount "73"]

1. d4 Nf6 2. c4 g6 3. Nc3 Bg7 4. Nf3 O-O 5. Bg5 c5 6. d5 d6 7. e4 h6 8. Bh4 Na6
9. Nd2 Rb8 10. Be2 Bd7 11. f4 Nc7 12. a4 b6 13. O-O a6 14. e5 Nfe8 15. Nce4 Bf5
16. Ng3 Bc8 17. e6 fxe6 18. Qc2 Nf6 19. Qxg6 Qe8 20. Qd3 exd5 21. Bxf6 Bxf6 22.
Bh5 dxc4 23. Nxc4 Qd7 24. Kh1 Bg7 25. Rad1 Qe6 26. Ne3 Qf6 27. f5 Bb7 28. Ng4
Qg5 29. f6 Bxf6 30. Rf5 Qg7 31. Rf2 Bd4 32. Nf5 Rxf5 33. Rxf5 Bd5 34. Rdf1 Be6
35. Bf7+ Bxf7 36. Rxf7 Qxf7 37. Nxh6+ 1-0

[Event "Superettan(Horndal-Orebro)"]
[Site "?"]
[Date "2011.01.15"]
[Round "4"]
[White "Eriksson, Magnus"]
[Black "Skoog, Daniel"]
[Result "1-0"]
[WhiteElo "2101"]
[BlackElo "1756"]
[PlyCount "120"]

1. d4 Nf6 2. c4 e6 3. Nf3 b6 4. Nc3 Bb4 5. Bg5 h6 6. Bh4 Bb7 7. e3 O-O 8. Be2
d5 9. Rc1 Nbd7 10. O-O Be7 11. cxd5 exd5 12. Qc2 Ne4 13. Bxe7 Qxe7 14. Rfd1
Rfe8 15. Nb5 Rec8 16. Qb1 c6 17. Nc3 Re8 18. b4 Rac8 19. Qb3 Ra8 20. Bd3 Rac8
21. a3 Ra8 22. Bf1 Rac8 23. Na4 Ra8 24. Nb2 Ng5 25. Be2 Rac8 26. Nd3 Nxf3+ 27.
Bxf3 Nf6 28. h3 Rc7 29. Nf4 Rec8 30. Nd3 Re8 31. a4 Rec8 32. a5 Qe8 33. axb6
axb6 34. Ra1 Ra8 35. Ra3 Rcc8 36. Rc1 Qe7 37. Rca1 Qc7 38. Be2 Rxa3 39. Rxa3
Ra8 40. Rxa8+ Bxa8 41. Qa4 Bb7 42. Qa7 Nd7 43. Nb2 Qb8 44. Qa3 Qc7 45. Bg4 Nf6
46. Bf5 g6 47. Bc2 Nd7 48. h4 h5 49. Nd3 Kg7 50. Nf4 Nf6 51. Bxg6 Qe7 52. Bf5
Qc7 53. Qa7 Kg8 54. Bd3 b5 55. Bf5 Kg7 56. Nd3 Nd7 57. Bxd7 Qxd7 58. Nc5 Qg4
59. Qxb7 Qd1+ 60. Kh2 Qe1 1-0

[Event "Superettan(Wasa-Majorna)"]
[Site "?"]
[Date "2011.01.15"]
[Round "4"]
[White "Enstrom, Henrik"]
[Black "Wedberg, Tom"]
[Result "1-0"]
[WhiteElo "2235"]
[BlackElo "2555"]
[PlyCount "115"]

1. d4 Nf6 2. c4 e6 3. Nc3 Bb4 4. Nf3 b6 5. e3 Bb7 6. Bd3 O-O 7. O-O d5 8. Qc2
Nbd7 9. Nd2 c5 10. a3 Bxc3 11. bxc3 dxc4 12. Bxc4 Qc7 13. Qb3 Rac8 14. Be2 Rfd8
15. c4 Nb8 16. Bb2 Nc6 17. Nf3 Na5 18. Qa4 cxd4 19. Nxd4 Ne4 20. Rfc1 Nc5 21.
Qb4 Qe7 22. Rd1 Qg5 23. Bf1 e5 24. Nb5 Nd3 25. Rxd3 Rxd3 26. h4 Qg6 27. Bxe5
Rd7 28. Nxa7 Rxc4 29. Qb5 Rd8 30. Rd1 Ra8 31. Rd6 Qe4 32. Qxb6 f6 33. Qxa5 Rc1
34. Rd8+ Kf7 35. Rd7+ Ke8 36. Rxb7 Qxb7 37. Bd4 Qb1 38. Qb5+ Qxb5 39. Nxb5 Ra5
40. Nd6+ Kd7 41. Nc4 Ra6 42. g3 Rc6 43. Nb6+ Kd8 44. Kg2 Rb1 45. Nd5 Rcc1 46.
Be2 Re1 47. Bc4 Rbc1 48. Bb5 Red1 49. a4 Rd2 50. a5 Kc8 51. Nb4 Rb1 52. Bc3
Rdd1 53. Be2 Rdc1 54. Nd5 Rb3 55. Bd4 Rcb1 56. a6 Ra3 57. a7 Kb7 58. Bf3 1-0

[Event "Superettan(Wasa-Majorna)"]
[Site "?"]
[Date "2011.01.15"]
[Round "4"]
[White "Hellborg, Teodor"]
[Black "Kall, Anders"]
[Result "1-0"]
[WhiteElo "2352"]
[BlackElo "2202"]
[PlyCount "69"]

1. d4 Nf6 2. c4 e6 3. g3 Bb4+ 4. Bd2 Qe7 5. Bg2 O-O 6. Nf3 Bxd2+ 7. Qxd2 d6 8.
Nc3 a5 9. O-O e5 10. Rac1 h6 11. dxe5 dxe5 12. Nd5 Nxd5 13. cxd5 c6 14. e4 Bg4
15. Nh4 Rd8 16. Qe3 g5 17. h3 Bd7 18. Nf3 f6 19. Nd2 Be8 20. Nc4 b5 21. Na3 Rc8
22. Rfd1 Na6 23. dxc6 b4 24. Nc4 Rxc6 25. Nxa5 Rxc1 26. Rxc1 Nc7 27. Qb6 Ne6
28. Nc6 Bxc6 29. Rxc6 Re8 30. Bf1 Nf8 31. Rxf6 Rb8 32. Qxb8 Qxf6 33. Qxb4 Qc6
34. Bc4+ Kg7 35. Qe7+ 1-0

[Event "Superettan(Wasa-Majorna)"]
[Site "?"]
[Date "2011.01.15"]
[Round "4"]
[White "Bende, Tobias"]
[Black "Astrom, Goran"]
[Result "0-1"]
[WhiteElo "2113"]
[BlackElo "2313"]
[PlyCount "140"]

1. e4 c5 2. d4 cxd4 3. c3 dxc3 4. Nxc3 Nc6 5. Nf3 d6 6. Bc4 e6 7. O-O Be7 8.
Qe2 Nf6 9. Rd1 e5 10. Be3 O-O 11. Rac1 Be6 12. Bd5 Bxd5 13. Nxd5 Nxe4 14. b4
Nf6 15. Nxf6+ Bxf6 16. Bc5 Nd4 17. Nxd4 exd4 18. Bxd4 Bxd4 19. Rxd4 Qb6 20. Qd2
Rad8 21. h3 Rfe8 22. a4 Rd7 23. a5 Qd8 24. Rd1 h6 25. Qd3 a6 26. Kf1 Re6 27.
Rd5 Qe8 28. Qc3 Qe7 29. b5 axb5 30. Rxb5 Rc7 31. Qd3 Re5 32. a6 Rxb5 33. Qxb5
bxa6 34. Qxa6 Rd7 35. Qc6 Rd8 36. Qd5 Qe6 37. Qa5 Rd7 38. Re1 Qc4+ 39. Kg1 d5
40. Re5 Qc1+ 41. Re1 Qc6 42. Re8+ Kh7 43. Qa3 d4 44. Qd3+ g6 45. Qa3 Qd6 46.
Qxd6 Rxd6 47. Kf1 Kg7 48. Re4 f5 49. Rf4 Kf6 50. h4 Ke5 51. Rf3 Rc6 52. Ra3 Ke4
53. Ke1 Rc2 54. Rg3 Rc6 55. Ra3 Rb6 56. Rg3 Ra6 57. Rb3 Ra1+ 58. Ke2 Ra2+ 59.
Ke1 g5 60. hxg5 hxg5 61. Rg3 g4 62. Rb3 Rc2 63. f3+ Kf4 64. Rd3 g3 65. Rd2 Rxd2
66. Kxd2 Ke5 67. Kd3 Kd5 68. Kd2 Kc4 69. f4 d3 70. Kd1 Kd4 0-1

[Event "Superettan(Wasa-Majorna)"]
[Site "?"]
[Date "2011.01.15"]
[Round "4"]
[White "Soderberg, Per"]
[Black "Strom, Leif"]
[Result "1/2-1/2"]
[WhiteElo "2187"]
[BlackElo "2133"]
[PlyCount "89"]

1. e4 c5 2. Nf3 e6 3. c3 Nf6 4. e5 Nd5 5. d4 cxd4 6. cxd4 Nc6 7. Nc3 d6 8. Bb5
Nxc3 9. bxc3 d5 10. O-O Be7 11. a4 Bd7 12. Ba3 Na5 13. Bxe7 Qxe7 14. Bd3 Rc8
15. Qc2 h6 16. Nd2 O-O 17. f4 Rc7 18. Rf3 Rfc8 19. Nb1 Nc6 20. Qd2 Na5 21. Ra2
Nb3 22. Qe3 Kh8 23. Bc2 Na5 24. Rh3 f5 25. exf6 Qxf6 26. g4 Rf8 27. Qd3 Kg8 28.
Rf3 Nc4 29. Qh7+ Kf7 30. Bd3 Ke7 31. Rg2 Kd8 32. g5 hxg5 33. Rxg5 Be8 34. Bxc4
g6 35. Qh3 Rxc4 36. Re5 Bd7 37. Qg2 Rxa4 38. Qb2 Kc8 39. Nd2 Qh4 40. Nb3 Rxf4
41. Rxf4 Qxf4 42. Nc5 Bb5 43. Re1 Qg4+ 44. Kh1 Qf3+ 45. Kg1 1/2-1/2

[Event "Superettan(Wasa-Majorna)"]
[Site "?"]
[Date "2011.01.15"]
[Round "4"]
[White "Panas, Itai"]
[Black "Berkell, Peder"]
[Result "1/2-1/2"]
[WhiteElo "2153"]
[BlackElo "2156"]
[PlyCount "24"]

1. Nf3 c5 2. c4 Nf6 3. g3 b6 4. Bg2 Bb7 5. O-O e6 6. Nc3 Be7 7. d3 d6 8. a3 O-O
9. Bd2 Nbd7 10. b4 a6 11. bxc5 Nxc5 12. Na4 Bc6 1/2-1/2

[Event "Superettan(Wasa-Majorna)"]
[Site "?"]
[Date "2011.01.15"]
[Round "4"]
[White "Nordstrom, Felix"]
[Black "Karle, Max"]
[Result "1-0"]
[WhiteElo "2149"]
[BlackElo "2085"]
[PlyCount "95"]

1. d4 Nf6 2. c4 c5 3. Nf3 g6 4. Nc3 cxd4 5. Nxd4 Bg7 6. e4 d6 7. Be2 O-O 8. O-O
Bd7 9. Be3 Nc6 10. Qd2 Qc8 11. f3 Rd8 12. Rac1 Nxd4 13. Bxd4 Bc6 14. Rfd1 Qd7
15. b4 b6 16. Be3 Rac8 17. Bg5 Bb7 18. a4 Qe8 19. Qa2 a6 20. Be3 Nd7 21. Nd5
Bxd5 22. cxd5 Rxc1 23. Rxc1 Ra8 24. Qc2 Qd8 25. Qc7 a5 26. Bb5 Qxc7 27. Rxc7
Nf8 28. bxa5 bxa5 29. Rxe7 Bc3 30. Re8 Rxe8 31. Bxe8 Kg7 32. Kf2 h6 33. Ke2 Nh7
34. Kd3 Bb4 35. Kc4 f5 36. Bd4+ Nf6 37. exf5 gxf5 38. Bd7 Kg6 39. Be6 Ne8 40.
Bd7 Nf6 41. Be6 Nh5 42. g3 f4 43. g4 Nf6 44. Kb5 Kg5 45. Bb6 Kh4 46. Bxa5 Bxa5
47. Kxa5 Kh3 48. g5+ 1-0

[Event "Superettan(Wasa-Majorna)"]
[Site "?"]
[Date "2011.01.15"]
[Round "4"]
[White "Bengtsson, Tage"]
[Black "Marchand, Erick"]
[Result "1/2-1/2"]
[WhiteElo "2030"]
[BlackElo "2025"]
[PlyCount "61"]

1. d4 d5 2. c4 e6 3. Nc3 c5 4. cxd5 cxd4 5. Qxd4 Nc6 6. Qd1 exd5 7. e3 Nf6 8.
Nf3 Bd6 9. Be2 O-O 10. O-O a6 11. b3 Bf5 12. Bb2 Rc8 13. Nd4 Nxd4 14. Qxd4 Re8
15. Rac1 Be5 16. Qh4 Rc6 17. Bf3 Qa5 18. b4 Qc7 19. Na4 Bxb2 20. Rxc6 Qxc6 21.
Nxb2 Ne4 22. Qf4 Bg6 23. Nd3 Qc3 24. Rd1 Nd2 25. Ne1 Nxf3+ 26. Nxf3 Bh5 27. Qd4
Qa3 28. Qxd5 Bxf3 29. gxf3 Qxb4 30. f4 h6 31. Qd4 1/2-1/2

[Event "Superettan(Wasa-Majorna)"]
[Site "?"]
[Date "2011.01.15"]
[Round "4"]
[White "Safholm, Sten"]
[Black "Holzmann-Ekholm, Alexander"]
[Result "1-0"]
[WhiteElo "1985"]
[BlackElo "1872"]
[PlyCount "63"]

1. e4 e5 2. Nf3 Nc6 3. Bb5 a6 4. Ba4 Nf6 5. O-O Be7 6. Bxc6 dxc6 7. d3 Bg4 8.
h3 Bxf3 9. Qxf3 Qd6 10. Nd2 Nd7 11. Nc4 Qg6 12. a4 O-O 13. Ne3 Bg5 14. Nf5 Rae8
15. Be3 Re6 16. Qg3 Bxe3 17. Qxe3 Rd8 18. f4 exf4 19. Rxf4 Qg5 20. Raf1 Rg6 21.
Qf2 Nf6 22. Nh4 Rh6 23. g3 Qe5 24. d4 Qe6 25. e5 Nd7 26. Rxf7 Rh5 27. g4 Rg5
28. Qe3 h6 29. Qb3 Qxb3 30. cxb3 Nb6 31. Rxc7 h5 32. Rf5 1-0

[Event "Superettan(Team Malmo-Rodeby)"]
[Site "?"]
[Date "2011.01.15"]
[Round "4"]
[White "Johansson, Thomas"]
[Black "Greiff, Hakan"]
[Result "0-1"]
[WhiteElo "2270"]
[BlackElo "2296"]
[PlyCount "92"]
[EventDate "2011.??.??"]

1. d4 d5 2. Bf4 Nf6 3. e3 e6 4. Nf3 Nbd7 5. Bd3 Be7 6. Nbd2 c5 7. c3 b6 8. Ne5
Nxe5 9. dxe5 Nd7 10. e4 Nf8 11. exd5 exd5 12. Qe2 Ne6 13. Bg3 O-O 14. f4 f5 15.
exf6 Bxf6 16. O-O Re8 17. Rae1 Bb7 18. Qh5 Nf8 19. Nf3 Rxe1 20. Rxe1 Bc6 21.
Ne5 Be8 22. Qf3 Bxe5 23. Rxe5 Bf7 24. Bf2 Qd6 25. c4 Ng6 26. Bxg6 hxg6 27. cxd5
Rd8 28. Bh4 Bxd5 29. Qe3 Rd7 30. Be7 Qc6 31. f5 Bxg2 32. Re6 Rd1+ 33. Kf2 Qd5
34. Rd6 Qxf5+ 35. Kxg2 Rxd6 36. Bxd6 Qd5+ 37. Qf3 Qxd6 38. Qa8+ Kh7 39. Qxa7
Qd2+ 40. Kg3 Qxb2 41. Qa4 Qc3+ 42. Kg2 c4 43. Qd7 Qe3 44. Qd8 Qe2+ 45. Kg1 Qe1+
46. Kg2 c3 0-1

[Event "Superettan(Team Malmo-Rodeby)"]
[Site "?"]
[Date "2011.01.15"]
[Round "4"]
[White "Wahlbom, Magnus"]
[Black "Nilsson, Anders"]
[Result "1-0"]
[WhiteElo "2291"]
[BlackElo "2274"]
[PlyCount "89"]
[EventDate "2011.??.??"]

1. d4 Nf6 2. c4 Nc6 3. Nf3 e6 4. g3 Bb4+ 5. Bd2 Qe7 6. a3 Bxd2+ 7. Nbxd2 d6 8.
Bg2 e5 9. d5 Nb8 10. e4 a5 11. b3 Bg4 12. Qc2 Na6 13. O-O Bxf3 14. Nxf3 Nc5 15.
b4 Na6 16. Ne1 O-O 17. Nd3 axb4 18. axb4 c5 19. dxc6 bxc6 20. b5 cxb5 21. cxb5
Nc5 22. Rxa8 Rxa8 23. Nxc5 Rc8 24. Ra1 h5 25. b6 dxc5 26. Bh3 Ng4 27. f3 Qd6
28. Rd1 Qxb6 29. fxg4 c4+ 30. Kg2 c3 31. gxh5 Rc4 32. Bg4 Qb2 33. Qxb2 cxb2 34.
Rd8+ Kh7 35. Rb8 Rc2+ 36. Kh3 Kh6 37. Rb5 Rf2 38. Bd7 Rd2 39. Be8 f6 40. Kg4
Rxh2 41. Bg6 f5+ 42. Bxf5 g5 43. Rb7 Rh4+ 44. gxh4 b1=N 45. Rh7# 1-0

[Event "Superettan(Team Malmo-Rodeby)"]
[Site "?"]
[Date "2011.01.15"]
[Round "4"]
[White "Ostling, Hakan"]
[Black "Lindahl, Jonas"]
[Result "0-1"]
[WhiteElo "2163"]
[BlackElo "2238"]
[PlyCount "96"]
[EventDate "2011.??.??"]

1. f4 g6 2. Nf3 Bg7 3. d3 d5 4. g3 c5 5. Bg2 Nf6 6. O-O O-O 7. Nc3 Nc6 8. e4
dxe4 9. dxe4 e5 10. Qxd8 Rxd8 11. fxe5 Ng4 12. Bg5 Rf8 13. Nd5 Ngxe5 14. Nxe5
Bxe5 15. c3 b6 16. Rf2 Kg7 17. Raf1 Be6 18. b3 h6 19. Be3 Rad8 20. Nf4 Bg4 21.
Nd5 Be6 22. Nf4 Rd6 23. Nxe6+ Rxe6 24. Rc1 Bf6 25. Bf4 g5 26. Bd2 Ne5 27. Bf1
Rd8 28. Rc2 Red6 29. Kg2 Nd3 30. Re2 b5 31. c4 b4 32. Be3 Bd4 33. Bxd4+ Rxd4
34. Re3 Ne5 35. h3 Kf6 36. Ree2 Ke6 37. Kf2 Rd1 38. Bg2 Nd3+ 39. Ke3 Nc1 40.
Red2 R8xd2 41. Rxd2 Rxd2 42. Kxd2 Nxa2 43. Bf3 Nc3 44. Kd3 f6 45. Kc2 a6 46.
Kd3 a5 47. Ke3 a4 48. bxa4 Nxa4 0-1

[Event "Superettan(Team Malmo-Rodeby)"]
[Site "?"]
[Date "2011.01.15"]
[Round "4"]
[White "Finnlaugsson, Gunnar"]
[Black "Bernhardsson, Sten"]
[Result "1/2-1/2"]
[WhiteElo "2159"]
[BlackElo "2103"]
[PlyCount "59"]
[EventDate "2011.??.??"]

1. e4 c5 2. Nf3 e6 3. d4 cxd4 4. Nxd4 Nc6 5. Nc3 a6 6. g3 Nxd4 7. Qxd4 Ne7 8.
Bg2 Nc6 9. Qd1 Be7 10. O-O O-O 11. Ne2 b5 12. a4 b4 13. c4 bxc3 14. Nxc3 Bb7
15. Qe2 Nd4 16. Qd1 Nc6 17. Bf4 Nb4 18. Bd6 Rc8 19. Rc1 Re8 20. h3 Qb6 21. Bxe7
Rxe7 22. Re1 d6 23. a5 Qxa5 24. Qxd6 Rec7 25. Red1 h6 26. h4 Qc5 27. Qf4 Qe7
28. Kh2 Rc4 29. Qe3 Qc7 30. Bf1 1/2-1/2

[Event "Superettan(Team Malmo-Rodeby)"]
[Site "?"]
[Date "2011.01.15"]
[Round "4"]
[White "Eriksson, Bengt"]
[Black "Jonsson, Lennart"]
[Result "1-0"]
[WhiteElo "2065"]
[BlackElo "2102"]
[PlyCount "77"]
[EventDate "2011.??.??"]

1. d4 d5 2. Bg5 f5 3. Nc3 h6 4. Bf4 Nf6 5. Qd3 c6 6. f3 b5 7. a3 e6 8. e4 Be7
9. Nge2 O-O 10. exf5 exf5 11. O-O-O b4 12. axb4 Bxb4 13. g4 fxg4 14. fxg4 Ba6
15. Qh3 Bc8 16. Qg3 Na6 17. Rg1 Qa5 18. Kb1 Ne4 19. Nxe4 dxe4 20. Qb3+ Qd5 21.
c4 Qf7 22. Be5 Be7 23. Nc3 Qf3 24. c5+ Kh8 25. Be2 Qe3 26. Rg3 Qg5 27. Nxe4 Qg6
28. Bd3 Qf7 29. Bc4 Qg6 30. Bd3 Qf7 31. Qxf7 Rxf7 32. g5 hxg5 33. Nxg5 Bxg5 34.
Rxg5 Be6 35. Bxa6 Rd8 36. Rdg1 Rdd7 37. Bc8 Rde7 38. Rxg7 Rxg7 39. Rxg7 1-0

[Event "Superettan(Lulea-Rockaden,Umea)"]
[Site "?"]
[Date "2011.02.04"]
[Round "5"]
[White "Wickstrom, Lucas"]
[Black "Setterqvist, Kurt"]
[Result "0-1"]
[WhiteElo "2324"]
[BlackElo "2341"]
[PlyCount "88"]
[EventDate "2011.??.??"]

1. Nf3 Nf6 2. c4 c5 3. g3 g6 4. Bg2 Bg7 5. O-O O-O 6. Nc3 Nc6 7. d4 cxd4 8.
Nxd4 Nxd4 9. Qxd4 d6 10. Rd1 Be6 11. Qh4 Rc8 12. b3 Ng4 13. Rd3 h6 14. Rf3 Rc5
15. h3 Rh5 16. Qxh5 gxh5 17. hxg4 hxg4 18. Rd3 Bf5 19. e4 Bd7 20. Be3 b6 21.
Rad1 Bc6 22. Ne2 Qa8 23. Nc3 Bxc3 24. Rxc3 Kh7 25. Rd4 f5 26. Bd2 fxe4 27. Re3
Rf3 28. Bxf3 gxf3 29. Kf1 Qc8 30. Ke1 Qf5 31. Kd1 b5 32. Kc2 bxc4 33. bxc4 Qc5
34. Bc3 e5 35. Rd2 Qxc4 36. Rxd6 Qxa2+ 37. Bb2 Ba4+ 38. Kc1 Qc4+ 39. Bc3 Bb5
40. Kb2 Qc5 41. Re6 Bd3 42. Rxe5 Qb6+ 43. Ka3 Kg6 44. Ra5 Qxe3 0-1

[Event "Superettan(Lulea-Rockaden,Umea)"]
[Site "?"]
[Date "2011.02.04"]
[Round "5"]
[White "Marklund, Niklas"]
[Black "Malmstig, Erik"]
[Result "0-1"]
[WhiteElo "2240"]
[BlackElo "2313"]
[PlyCount "58"]
[EventDate "2011.??.??"]

1. d4 Nf6 2. c4 e6 3. Nc3 Bb4 4. e3 c5 5. a3 Bxc3+ 6. bxc3 Ne4 7. Bd3 d5 8. Ne2
Qh4 9. O-O Nc6 10. f3 Nf6 11. e4 g5 12. Qb3 dxe4 13. fxe4 Nxe4 14. g3 Qg4 15.
h3 Qh5 16. Bxe4 Qxe2 17. Bf3 Qd3 18. Bxg5 Nxd4 19. Qd1 Qxc3 20. Kh2 Rg8 21. h4
Qb2+ 22. Kh1 h6 23. Bf4 Bd7 24. Rb1 Qxa3 25. Bxb7 Rd8 26. Qh5 Rg6 27. Qe5 Nc6
28. Qh8+ Ke7 29. Qh7 Be8 0-1

[Event "Superettan(Lulea-Rockaden,Umea)"]
[Site "?"]
[Date "2011.02.04"]
[Round "5"]
[White "Forsberg, Viktor"]
[Black "Engstrom, Kaj"]
[Result "1-0"]
[WhiteElo "2301"]
[BlackElo "2289"]
[PlyCount "161"]
[EventDate "2011.??.??"]

1. d4 Nf6 2. c4 e6 3. g3 d5 4. Nf3 Be7 5. Bg2 O-O 6. O-O Nbd7 7. Qc2 c6 8. Nbd2
Bd6 9. e4 dxe4 10. Nxe4 Nxe4 11. Qxe4 Re8 12. Rd1 Qa5 13. c5 Nf6 14. Qc2 Bb8
15. a3 h6 16. b4 Qd8 17. Bb2 Nd5 18. Qb3 Bd7 19. Re1 a5 20. Bf1 a4 21. Qc2 Bc7
22. Rad1 Re7 23. Bc4 Be8 24. Ba2 f6 25. Bb1 f5 26. Ne5 Bxe5 27. Rxe5 Bf7 28.
Rde1 Rd7 29. Ba2 Kh8 30. Bc4 Bg8 31. Qd1 Qf6 32. Bxd5 Rxd5 33. Rxd5 exd5 34.
Bc1 g5 35. f4 g4 36. Re5 Be6 37. Qe2 Bd7 38. Be3 Kg8 39. Bf2 Kf8 40. Qc2 Qf7
41. Be1 h5 42. b5 cxb5 43. c6 bxc6 44. Qc5+ Kg8 45. Re7 Qf6 46. Rxd7 Re8 47.
Bb4 Re4 48. Rd6 Qxd4+ 49. Qxd4 Rxd4 50. Rxc6 h4 51. gxh4 Rxf4 52. Rc5 d4 53.
Rxb5 d3 54. Rd5 Rf3 55. Rd7 f4 56. h5 Rh3 57. Rd4 g3 58. hxg3 Rxg3+ 59. Kf2 Rh3
60. Rxf4 Rxh5 61. Rf8+ Kg7 62. Ra8 Rh2+ 63. Ke1 Kf6 64. Rxa4 Ke6 65. Ra5 Rh3
66. Kd2 Kd7 67. Rc5 Rf3 68. Kc3 Rh3 69. Rc4 Kd8 70. Kb3 Kd7 71. Ka4 Ke6 72. Rd4
Ke5 73. Rd8 Ke4 74. Kb5 Rh5+ 75. Bc5 Rh2 76. a4 d2 77. Bb4 Rh5+ 78. Kb6 Rh6+
79. Kc5 Rh5+ 80. Kc4 Rh8 81. Rxd2 1-0

[Event "Superettan(Lulea-Rockaden,Umea)"]
[Site "?"]
[Date "2011.02.04"]
[Round "5"]
[White "Almstrom, Martin"]
[Black "Engman, Rickard"]
[Result "1/2-1/2"]
[WhiteElo "2267"]
[BlackElo "2245"]
[PlyCount "30"]
[EventDate "2011.??.??"]

1. Nf3 Nf6 2. c4 e6 3. g3 a6 4. Nc3 d5 5. cxd5 exd5 6. Bg2 c6 7. O-O d4 8. Nb1
Bc5 9. a3 a5 10. d3 O-O 11. e4 dxe3 12. fxe3 Re8 13. d4 Ba7 14. Nc3 Be6 15. e4
Bg4 1/2-1/2

[Event "Superettan(Lulea-Rockaden,Umea)"]
[Site "?"]
[Date "2011.02.04"]
[Round "5"]
[White "Nygren, David"]
[Black "Marcussen, Arno"]
[Result "1-0"]
[WhiteElo "2282"]
[BlackElo "2109"]
[PlyCount "59"]
[EventDate "2011.??.??"]

1. d4 d5 2. c4 c6 3. Nf3 Nf6 4. Nc3 dxc4 5. a4 Bf5 6. Ne5 e6 7. g3 Bb4 8. Bg2
Ne4 9. O-O Nd6 10. e4 Bg6 11. Qe2 Nd7 12. h4 f6 13. Nxg6 hxg6 14. e5 fxe5 15.
Bg5 Qa5 16. Bh3 Bxc3 17. bxc3 Nf7 18. Bxe6 Nxg5 19. hxg5 O-O-O 20. Qxc4 exd4
21. Qxd4 Qxg5 22. Rfd1 Qe7 23. Bg4 Kc7 24. Re1 Qc5 25. Qf4+ Qd6 26. Qxd6+ Kxd6
27. Rad1+ Kc5 28. Bxd7 Kc4 29. Re3 Rhe8 30. Rxe8 1-0

[Event "Superettan(Lulea-Rockaden,Umea)"]
[Site "?"]
[Date "2011.02.04"]
[Round "5"]
[White "Dedorsson, Tomas"]
[Black "Hammar, Ulf"]
[Result "1-0"]
[WhiteElo "2073"]
[BlackElo "2232"]
[PlyCount "123"]
[EventDate "2011.??.??"]

1. d4 d5 2. Nf3 Nf6 3. Bf4 c6 4. c3 Bf5 5. e3 e6 6. Nbd2 Qb6 7. Qb3 Nbd7 8. Be2
Be7 9. O-O h6 10. h3 O-O 11. Ne5 Nxe5 12. Bxe5 Nd7 13. Bh2 Bf6 14. c4 Rfe8 15.
Rfe1 c5 16. g4 Bh7 17. cxd5 cxd4 18. dxe6 Rxe6 19. Bc4 Nc5 20. Qxb6 Rxb6 21.
exd4 Bxd4 22. Nb3 Nxb3 23. Bxb3 Rf6 24. Re2 Bg6 25. Rd1 Bb6 26. Kg2 Rc8 27. f4
Bh7 28. Rd7 Kh8 29. Bxf7 Rfc6 30. Rde7 Rf8 31. f5 Bd4 32. Rxb7 Bg8 33. Bxg8
Kxg8 34. Rd2 Bf6 35. Rxa7 Re8 36. b4 Bg5 37. Rb2 Be7 38. b5 Rc5 39. Rf2 Rxb5
40. Rc2 Bg5 41. Bg1 Bf6 42. Rac7 Kh7 43. a4 Rb3 44. Ra2 Be5 45. Rc4 Rg3+ 46.
Kf1 Bb8 47. a5 Rxh3 48. a6 Rf3+ 49. Bf2 h5 50. a7 Bxa7 51. Rxa7 hxg4 52. Rxg4
Rxf5 53. Raxg7+ Kh8 54. R7g6 Kh7 55. Kg1 Re2 56. Bd4 Re1+ 57. Kg2 Re2+ 58. Kg3
Rd5 59. Rg7+ Kh6 60. Rg8 Re7 61. Rh8+ Rh7 62. Be3+ 1-0

[Event "Superettan(Lulea-Rockaden,Umea)"]
[Site "?"]
[Date "2011.02.04"]
[Round "5"]
[White "Eriksson, Jorgen"]
[Black "Pettersson, Tobias"]
[Result "1-0"]
[WhiteElo "2275"]
[BlackElo "2145"]
[PlyCount "101"]
[EventDate "2011.??.??"]

1. d4 d6 2. e4 Nf6 3. Nc3 g6 4. g3 Bg7 5. Bg2 O-O 6. Nge2 c6 7. O-O e5 8. h3 b5
9. Be3 a6 10. Qd2 Nbd7 11. Bh6 Bxh6 12. Qxh6 Re8 13. a3 Qb6 14. Rad1 Bb7 15.
dxe5 dxe5 16. Rd6 Qd8 17. Rfd1 Qe7 18. g4 Nb6 19. Qg5 Nfd5 20. Qxe7 Nxe7 21. b3
Kf8 22. Nc1 Nec8 23. R6d2 Ke7 24. Nd3 Nd7 25. a4 Na7 26. b4 Rad8 27. a5 Nc8 28.
Nc5 Nxc5 29. bxc5 Rxd2 30. Rxd2 Rd8 31. Rxd8 Kxd8 32. g5 Ne7 33. Na2 Ng8 34. h4
h6 35. Bh3 hxg5 36. hxg5 Ke7 37. Nb4 f6 38. Nd3 fxg5 39. Nxe5 Kf6 40. Nd7+ Ke7
41. Ne5 Nh6 42. f3 Ng8 43. Bd7 Nf6 44. Bxc6 Bxc6 45. Nxc6+ Kd7 46. Nb4 g4 47.
c6+ Kc8 48. e5 Ne8 49. fxg4 Nc7 50. Kf2 Kd8 51. Ke3 1-0

[Event "Superettan(Lulea-Rockaden,Umea)"]
[Site "?"]
[Date "2011.02.04"]
[Round "5"]
[White "Pousette, Gunnar"]
[Black "Lindgren, Fredrik"]
[Result "1/2-1/2"]
[WhiteElo "2073"]
[BlackElo "2218"]
[PlyCount "36"]
[EventDate "2011.??.??"]

1. c4 Nf6 2. g3 g6 3. Bg2 Bg7 4. Nf3 O-O 5. O-O d5 6. cxd5 Nxd5 7. Nc3 c5 8.
Nxd5 Qxd5 9. d3 Nc6 10. Be3 Bxb2 11. Rb1 Bg7 12. Nd4 Qxa2 13. Ra1 Qb2 14. Rb1
Qa2 15. Ra1 Qb2 16. Rb1 Qa3 17. Nxc6 bxc6 18. Qc2 Qa6 1/2-1/2

[Event "Superettan(Rockaden,Umea-Horndal)"]
[Site "?"]
[Date "2011.02.05"]
[Round "5"]
[White "Rorvall, Goran"]
[Black "Wickstrom, Lucas"]
[Result "1/2-1/2"]
[WhiteElo "2197"]
[BlackElo "2324"]
[PlyCount "134"]
[EventDate "2011.??.??"]

1. e4 c5 2. Nf3 Nc6 3. b3 e5 4. Bb2 Bd6 5. Bb5 Nge7 6. O-O O-O 7. Nc3 Nd4 8.
Nxd4 cxd4 9. Ne2 Bc5 10. c3 dxc3 11. Bxc3 a6 12. Bd3 d6 13. Kh1 Ng6 14. Bc2 Ba7
15. d4 Bd7 16. Qd2 Rc8 17. dxe5 dxe5 18. Bb4 Bb5 19. Rfd1 Qxd2 20. Rxd2 Rfd8
21. Rxd8+ Rxd8 22. Nc3 Bxf2 23. Nxb5 axb5 24. g3 b6 25. Rd1 Rxd1+ 26. Bxd1 Bc5
27. a3 Bxb4 28. axb4 Ne7 29. Be2 Nc6 30. Bxb5 Nxb4 31. Kg2 Kf8 32. Kf2 Ke7 33.
Bc4 f6 34. Ke2 Kd6 35. Kd2 Kc5 36. Kc3 Na2+ 37. Kb2 Nb4 38. Kc3 Nc6 39. Bg8 h6
40. Bf7 Nd4 41. b4+ Kd6 42. Bh5 f5 43. exf5 Nxf5 44. Kc4 Ne3+ 45. Kb5 Nd5 46.
Kc4 e4 47. Kd4 Nxb4 48. Kxe4 Nd5 49. Kf5 Ne7+ 50. Ke4 Nc6 51. Kf5 Ne5 52. Be8
Ke7 53. Bb5 Nf3 54. Kg6 Kf8 55. h4 Nd4 56. Bd3 b5 57. g4 b4 58. g5 hxg5 59.
Kxg5 Nf3+ 60. Kf4 Nxh4 61. Be4 g6 62. Kg5 Nf5 63. Kxg6 Ng3 64. Bd3 Ke7 65. Kg5
Kd6 66. Kf4 Nh1 67. Kf3 Kc5 1/2-1/2

[Event "Superettan(Rockaden,Umea-Horndal)"]
[Site "?"]
[Date "2011.02.05"]
[Round "5"]
[White "Forsberg, Viktor"]
[Black "Olsson, Krister"]
[Result "1/2-1/2"]
[WhiteElo "2301"]
[BlackElo "2279"]
[PlyCount "66"]
[EventDate "2011.??.??"]

1. d4 Nf6 2. c4 c5 3. Nf3 cxd4 4. Nxd4 e5 5. Nb5 d5 6. cxd5 Bc5 7. e3 O-O 8.
N5c3 e4 9. Nd2 Re8 10. Nb3 Bb4 11. Bd2 Nbd7 12. Nb5 Nxd5 13. Bxb4 Nxb4 14. Qd2
a5 15. a3 Nc6 16. Nd6 Re6 17. Nb5 Qb6 18. Be2 Nde5 19. O-O Rg6 20. Kh1 Bg4 21.
N3d4 Qd8 22. f3 exf3 23. gxf3 Bh3 24. Rg1 Qh4 25. Rxg6 hxg6 26. Qe1 Qh6 27. Qf2
g5 28. Rg1 Nxd4 29. Nxd4 Re8 30. Bb5 Rd8 31. Qg3 f6 32. Bf1 Bd7 33. Be2 Qh4
1/2-1/2

[Event "Superettan(Rockaden,Umea-Horndal)"]
[Site "?"]
[Date "2011.02.05"]
[Round "5"]
[White "Bengts, Torleif"]
[Black "Malmstig, Erik"]
[Result "1/2-1/2"]
[WhiteElo "2176"]
[BlackElo "2313"]
[PlyCount "141"]
[EventDate "2011.??.??"]
[SourceDate "2011.02.15"]

1. e4 e5 2. Nf3 Nc6 3. Bb5 a6 4. Ba4 Nf6 5. d4 exd4 6. O-O Be7 7. Re1 O-O 8. e5
Ne8 9. Nxd4 Nxd4 10. Qxd4 b5 11. Bb3 c5 12. Qe4 Rb8 13. c3 Bb7 14. Qg4 c4 15.
Bc2 Bd5 16. Be3 g6 17. Nd2 f5 18. Qd4 Nc7 19. Nf1 Bc6 20. f4 Ne6 21. Qd2 Qc7
22. Rad1 b4 23. Re2 Qa5 24. Bb1 Rb7 25. Qe1 bxc3 26. bxc3 Rfb8 27. Nd2 Ba4 28.
Rc1 Qc7 29. Qg3 Rf8 30. Nf3 Ba3 31. Rf1 Qb8 32. Bc2 Bxc2 33. Rxc2 Rb1 34. Qf2
Rc8 35. Qd2 Rxf1+ 36. Kxf1 Qb7 37. Qd1 Rc7 38. Rd2 Bc5 39. Bxc5 Nxc5 40. Qe2
Nd3 41. g3 Qc6 42. Kg2 Rb7 43. Kh3 Rb1 44. Nd4 Qd5 45. Qg2 Qxg2+ 46. Kxg2 Kf7
47. Kf3 Rc1 48. Ne2 Rh1 49. Nd4 Ke7 50. Ke3 Re1+ 51. Re2 Rc1 52. Nc2 Rd1 53.
Rd2 Rxd2 54. Kxd2 d6 55. exd6+ Kxd6 56. Nb4 Nc5 57. Ke3 a5 58. Nc2 Kd5 59. Nd4
Ne4 60. Ne2 Nf6 61. h3 h5 62. Nd4 Ne4 63. Ne2 Kc5 64. g4 Nf6 65. gxf5 gxf5 66.
Kd2 Ne4+ 67. Kc2 h4 68. Nd4 Ng3 69. Nf3 Ne2 70. Nxh4 Nxf4 71. Nxf5 1/2-1/2